Se tenía que decir y se dijo. Comentario al fallo de la CSJN, "Vidal, Matías Fernando Cristóbal y otros s/infracción ley 24769" (Registro nro. 22494)
[ vista simple ]
| 000 -LEADER | |
|---|---|
| fixed length control field | 00498 a2200121 4500 |
| 001 - CONTROL NUMBER | |
| control field | ART_55164 |
| 005 - DATE AND TIME OF LATEST TRANSACTION | |
| control field | 20260410161823.0 |
| 008 - FIXED-LENGTH DATA ELEMENTS--GENERAL INFORMATION | |
| fixed length control field | 260409a |
| 100 1# - MAIN ENTRY--PERSONAL NAME | |
| Personal name | Semachowicz, Esteban D. |
| 245 10 - TITLE STATEMENT | |
| Title | Se tenía que decir y se dijo. Comentario al fallo de la CSJN, "Vidal, Matías Fernando Cristóbal y otros s/infracción ley 24769" |
| 700 1# - ADDED ENTRY--PERSONAL NAME | |
| Personal name | Trídico, Sofía del Valle |
| 773 0# - HOST ITEM ENTRY | |
| Title | Doctrina Penal Tributaria y Económica |
| Related parts | Suplemento especial - Nº 62/1 (dic. 2021) |
| Record control number | REV4317 |
No hay ítems disponibles.